Strategický zámer je posadnutosť víťazstvom na trhu Teória a prax nových postupov v riadení. 2

V súčasnej fáze vývoja strategické riadenie chápané ako strategické plánovanie založené na podrobnom skúmaní vonkajšieho a vnútorného prostredia firmy doplnené o kontrolu a hodnotenie stratégie. Prednosti a nedostatky strategického plánovania. Kodifikácia, elaborácia a konverzia strategického progra...

ver descrição completa

Na minha lista:
Detalhes bibliográficos
Autor principal: Slávik, Štefan, 1955-
Formato: Capítulo de Livro
Idioma:eslovaco
Assuntos:
Tags: Adicionar Tag
Sem tags, seja o primeiro a adicionar uma tag!

MARC

LEADER 00000naa a2200000 4500
001 r016026
005 20240502071326.9
041 0 |a slo 
044 |a SK 
245 1 0 |a Strategický zámer je posadnutosť víťazstvom na trhu  |b Teória a prax nových postupov v riadení. 2  |c Štefan Slávik 
520 |a V súčasnej fáze vývoja strategické riadenie chápané ako strategické plánovanie založené na podrobnom skúmaní vonkajšieho a vnútorného prostredia firmy doplnené o kontrolu a hodnotenie stratégie. Prednosti a nedostatky strategického plánovania. Kodifikácia, elaborácia a konverzia strategického programovania. Dôvtipná konkurencia. Stratégia ako nesúlad medzi zdrojmi a cieľmi. Efektívne využitie zdrojov vedením podniku - päť spôsobov. 
610 2 0 |a riadenie strategické 
610 2 0 |a firmy 
610 2 0 |a plánovanie strategické 
610 2 0 |a kontrola 
610 2 0 |a konkurencia 
610 2 0 |a trh 
610 2 0 |a ciele podnikové 
100 1 |a Slávik, Štefan, 1955-